Obrábění I : Návody pri cvičení. 1. část

Guardado en:
Detalles Bibliográficos
Autor principal: Brychta, Josef (Autor)
Formato: Libro
Lenguaje:checo
Publicado: Ostrava : VŠB-Technická univerzita Ostrava, 2004
Edición:2. vyd
Materias:
Etiquetas: Agregar Etiqueta
Sin Etiquetas, Sea el primero en etiquetar este registro!

MARC

LEADER 00000nam a22000003a 4500
001 stu135888
005 20150617225920.5
008 070108s2004----xr------------------cze-d
020 |a 80-248-0576-6 
040 |a STU  |b slo 
041 0 |a cze 
044 |a xr 
080 |a 621.9  |7 stu_us_auth*stu8061 
100 1 |a Brychta, Josef  |4 aut 
245 1 |a Obrábění I :  |b Návody pri cvičení. 1. část 
250 |a 2. vyd 
260 |a Ostrava :  |b VŠB-Technická univerzita Ostrava,  |c 2004 
300 |a 79 s 
650 7 |a obrábanie  |2 stusub 
996 |b 284M075625  |c M*S-1286-2  |l MMKN  |s A  |a 24  |w stu135888_0001 
996 |b 284M075626  |c M*S-1286-1  |l MMKN  |s A  |a 24  |w stu135888_0002